Исследование возможности возбуждения малогабаритного бетатрона от полупроводникового преобразователя частоты: диссертация на соискание ученой степени кандидата технических наук

Detaylı Bibliyografya
Yazar: Чернышова С. Г.
Müşterek Yazar: Томский политехнический институт (ТПИ)
Diğer Yazarlar: Ананьев Л. М. Лев Мартемьянович (научный руководитель)
Özet:Защищена 19.12.1967 г.
Dil:Rusça
Baskı/Yayın Bilgisi: Томск, [Б. и.], 1967
Konular:
Materyal Türü: MixedMaterials Kitap
KOHA link:https://koha.lib.tpu.ru/cgi-bin/koha/opac-detail.pl?biblionumber=225767

MARC

LEADER 00000nbm0a2200000 4500
001 225767
005 20231101230702.0
035 |a (RuTPU)RU\TPU\book\246126 
090 |a 225767 
100 |a 20121115j19671219k y0rusy50 ca 
101 0 |a rus 
102 |a RU 
105 |a a m 001zy 
200 1 |a Исследование возможности возбуждения малогабаритного бетатрона от полупроводникового преобразователя частоты  |e диссертация на соискание ученой степени кандидата технических наук  |f С. Г. Чернышова  |g Томский политехнический институт (ТПИ) ; науч. рук. Л. М. Ананьев 
210 |a Томск  |c [Б. и.]  |d 1967 
215 |a 144 л.  |c ил. 
300 |a Защищена 19.12.1967 г. 
320 |a Библиогр.: с. 124-134. 
606 1 |a Бетатроны импульсные  |2 stltpush  |3 (RuTPU)RU\TPU\subj\28315  |9 51847 
610 1 |a питание 
610 1 |a проектирование 
610 1 |a малогабаритные бетатроны 
610 1 |a полупроводниковые преобразователи 
610 1 |a электромагнитная аппаратура 
610 1 |a тиристоры 
610 1 |a инверторы 
610 1 |a напряжения 
610 1 |a диссертации 
610 1 |a источники 
675 |a 621.384.634.3(04)  |v 3 
700 1 |a Чернышова  |b С. Г. 
702 1 |a Ананьев  |b Л. М.  |c специалист в области электроники  |c доктор технических наук, профессор Томского политехнического университета  |f 1926-1998  |g Лев Мартемьянович  |2 stltpush  |3 (RuTPU)RU\TPU\pers\11866  |4 727 
712 0 2 |a Томский политехнический институт (ТПИ)  |c (1944-1991)  |2 stltpush  |3 (RuTPU)RU\TPU\col\1123 
801 1 |a RU  |b 63413507  |c 20121115 
801 2 |a RU  |b 63413507  |c 20220215  |g RCR 
942 |c BK